Southville International School and Colleges
Your cart is empty.
  • Cart
  • Lists
    Public lists Eva Luna New books Lux_list list_1
    Your lists Log in to create your own lists
  • Log in to your account
  • Your cookies
  • Search history
Southville International School and Colleges
  • Advanced search
  • Recent comments
  • Most popular
  • Libraries

Log in to your account

Log in with GOOGLE


If you do not have an external account, but do have a local account, you can still log in:

  1. Home
  2. MARC view: I can make music /
Normal view MARC view ISBD view

I can make music / (Record no. 105740)

[ view plain ]
MARC details
000 -LEADER
fixed length control field 00446nam a2200169 a 4500
005 - DATE AND TIME OF LATEST TRANSACTION
control field 20140412111413.0
008 - FIXED-LENGTH DATA ELEMENTS--GENERAL INFORMATION
fixed length control field 070716s19uu xx 00 eng d
020 ## - INTERNATIONAL STANDARD BOOK NUMBER
International Standard Book Number 1-84477-095-8
050 ## - LIBRARY OF CONGRESS CALL NUMBER
Classification number M 372.8
Item number P97 2003
100 ## - MAIN ENTRY--PERSONAL NAME
Personal name Purton, Michael
245 ## - TITLE STATEMENT
Title I can make music /
Statement of responsibility, etc Michael Purton.
260 ## - PUBLICATION, DISTRIBUTION, ETC. (IMPRINT)
Place of publication, distribution, etc Singapore :
Name of publisher, distributor, etc Powerbooks,
Date of publication, distribution, etc 19-
300 ## - PHYSICAL DESCRIPTION
Extent 41
440 ## - SERIES STATEMENT/ADDED ENTRY--TITLE
Title Show me how
650 ## - SUBJECT ADDED ENTRY--TOPICAL TERM
Topical term or geographic name as entry element Rythym band and orchestras
Holdings
Withdrawn status Lost status Damaged status Home library Current library Shelving location Date acquired Source of acquisition Total Checkouts Full call number Barcode Date last seen Price effective from Koha item type
      Elizalde Library Elizalde Library Main Section 07/16/2007     M 372.8 P97 2003 E10583 04/12/2014 04/12/2014 Books

I can make music /

APA

Purton M., . (19). I can make music. Singapore: Powerbooks.

Chicago

Purton Michael, . 19. I can make music. Singapore: Powerbooks.

Harvard

Purton M., . (19). I can make music. Singapore: Powerbooks.

MLA

Purton Michael, . I can make music. Singapore: Powerbooks. 19.

  • Place hold
  • Print
  • Cite
  • Add to your cart (remove)
  • Save record
    BIBTEX Dublin Core MARCXML MARC (non-Unicode/MARC-8) MARC (Unicode/UTF-8) MARC (Unicode/UTF-8, Standard) MODS (XML) RIS
  • More searches
    Search for this title in:
    Other Libraries (WorldCat) Other Databases (Google Scholar) Online Stores (Bookfinder.com) Open Library (openlibrary.org)

Exporting to Dublin Core...

SOUTHVILLE LIBRARY

Southville International School and Colleges Library

1281 Tropical Ave. Cor. Luxembourg St., BF Homes International, Las Pinas City

Tel. No. 8256374 / 252358 Loc. 117/146

Powered by Koha